000 00378nam a2200145Ia 4500
008 150201s2013 xx 000 0 und d
082 _a610.7367
_bM13J
100 _aJACOB, ANNAMMA
245 _aMIDWIFERY CASE BOOK FOR GNM STUDENTS : A PRACTICA RECORD OF METERNAL
250 _a2ND
260 _bJAYPEE
_aDELHI
_c2013
300 _a578
650 _aMIDWIVES
942 _2ddc
_cBK
999 _c2392
_d2392